[Event "GER-ch U10 Girls"]
[Site "Willingen"]
[Date "2018.05.22"]
[Round "5"]
[White "Loos, Tilda"]
[Black "Loos, Violeta"]
[Result "1/2-1/2"]
[WhiteElo "1091"]
[BlackElo "1023"]
[PlyCount "98"]
[EventDate "2018.05.19"]
[EventType "swiss"]
[EventRounds "11"]
[EventCountry "GER"]
[SourceTitle "CBM 184 Extra"]
[Source "ChessBase"]
[SourceDate "2018.06.28"]
[SourceVersion "1"]
[SourceVersionDate "2018.06.28"]
[SourceQuality "1"]

1. e4 e5 2. Nf3 Nf6 3. Nc3 Nc6 4. Be2 Bc5 5. d3 h6 6. Be3 d6 7. 0-0 0-0 8. d4 exd4 9. Nxd4 Nxd4 10. Bxd4 Bxd4 11. Qxd4 c5 12. Qd2 Re8 13. f3 Be6 14. Bb5 Re7 15. b3 d5 16. exd5 Nxd5 17. Nxd5 Bxd5 18. Rae1 Re6 19. Rxe6 Bxe6 20. Qxd8+ Rxd8 21. Re1 a6 22. Bc4 Bxc4 23. bxc4 Rd2 24. Re7 b5 25. cxb5 axb5 26. Re5 Rxc2 27. a3 Rc4 28. Kf2 Ra4 29. Rxc5 Ra5 30. a4 Rxa4 31. Rxb5 f6 32. Rb7 Kh7 33. g4 Ra2+ 34. Kg3 Ra5 35. h4 Ra3 36. Rb8 g5 37. hxg5 hxg5 38. Rb7+ Kg6 39. Re7 Rd3 40. Re4 Kf7 41. Kf2 Ra3 42. Re3 Ra2+ 43. Re2 Ra3 44. Re4 Rb3 45. f4 gxf4 46. Rxf4 Kg6 47. Rf3 Rxf3+ 48. Kxf3 f5 49. gxf5+ Kxf5 1/2-1/2

[Event "GER-ch U10 Girls"]
[Site "Willingen"]
[Date "2018.05.21"]
[Round "3"]
[White "Braeutigam, Katerina"]
[Black "Loos, Violeta"]
[Result "1-0"]
[WhiteElo "1486"]
[BlackElo "1023"]
[PlyCount "83"]
[EventDate "2018.05.19"]
[EventType "swiss"]
[EventRounds "11"]
[EventCountry "GER"]
[SourceTitle "CBM 184 Extra"]
[Source "ChessBase"]
[SourceDate "2018.06.28"]
[SourceVersion "1"]
[SourceVersionDate "2018.06.28"]
[SourceQuality "1"]

1. c4 e5 2. Nc3 Nc6 3. g3 Bc5 4. Bg2 d6 5. d3 h6 6. e4 Nf6 7. Nge2 0-0 8. h3 Be6 9. 0-0 Re8 10. Kh2 Qd7 11. f4 exf4 12. Bxf4 Rad8 13. d4 Nxd4 14. Nxd4 Bxc4 15. Re1 Ba6 16. Nf3 Bf2 17. Rh1 c6 18. e5 dxe5 19. Bxe5 b6 20. a3 c5 21. Bf4 Nh5 22. Qxd7 Rxd7 23. Bc1 Nxg3 24. Rd1 Rxd1 25. Nxd1 Re2 26. Nxf2 Rxf2 27. Kxg3 Re2 28. Bf1 g6 29. Bxe2 Bxe2 30. Bxh6 Kh7 31. Bf4 Bd3 32. Ne5 f6 33. Nxd3 g5 34. Bd6 a6 35. Rf1 Kg6 36. Be7 f5 37. Ne5+ Kg7 38. Rxf5 Kh6 39. Rxg5 a5 40. Bf6 b5 41. Nf7+ Kh7 42. Rg7# 1-0

[Event "GER-ch U10 Girls"]
[Site "Willingen"]
[Date "2018.05.20"]
[Round "2"]
[White "Loos, Violeta"]
[Black "Hengst, Sarah"]
[Result "1-0"]
[WhiteElo "1023"]
[BlackElo "878"]
[PlyCount "83"]
[EventDate "2018.05.19"]
[EventType "swiss"]
[EventRounds "11"]
[EventCountry "GER"]
[SourceTitle "CBM 184 Extra"]
[Source "ChessBase"]
[SourceDate "2018.06.28"]
[SourceVersion "1"]
[SourceVersionDate "2018.06.28"]
[SourceQuality "1"]

1. e4 e5 2. Nf3 Nc6 3. Bc4 Nf6 4. Nc3 Nxe4 5. d3 Nxc3 6. bxc3 Bc5 7. 0-0 Bd6 8. d4 exd4 9. cxd4 Na5 10. Re1+ Be7 11. Bd3 0-0 12. Qe2 Nc6 13. Qe4 g6 14. d5 f5 15. Qc4 Na5 16. d6+ Nxc4 17. Bxc4+ Kh8 18. dxe7 Qe8 19. exf8Q+ Qxf8 20. Bb2+ Qg7 21. Bxg7+ Kxg7 22. Re8 Kh6 23. Re7 b5 24. Bg8 Kh5 25. h3 g5 26. Rxh7+ Kg6 27. Ne5+ Kf6 28. Re1 f4 29. Ng4+ Kg6 30. Ne5+ Kf5 31. Rf7+ Ke6 32. Nc4+ Kd5 33. Rf6+ Kc5 34. Nd2 Bb7 35. Re5+ d5 36. Ne4+ Kd4 37. Re7 dxe4 38. Rd7+ Ke5 39. Re6+ Kf5 40. g4+ fxg3 41. Rg7 Kf4 42. Rf7# 1-0